Số đỏ Tiểu thuyết

Gespeichert in:
Bibliographische Detailangaben
1. Verfasser: Vũ Trọng Phụng 20/10/1912 - 13/10/1939
Format: Buch
Sprache:Undetermined
Veröffentlicht: Tp. HCM Văn nghệ 1993
Schlagworte:
Tags: Tag hinzufügen
Keine Tags, Fügen Sie den ersten Tag hinzu!
Thư viện lưu trữ: Trung tâm Học liệu Trường Đại học Cần Thơ
LEADER 00596nam a2200193Ia 4500
001 CTU_9356
008 210402s9999 xx 000 0 und d
082 |a 895.922331 
082 |b Ph513s 
100 |a Vũ Trọng Phụng 20/10/1912 - 13/10/1939 
245 0 |a Số đỏ 
245 0 |b Tiểu thuyết 
245 0 |c Vũ Trọng Phụng 20/10/1912 - 13/10/1939 
260 |a Tp. HCM 
260 |b Văn nghệ 
260 |c 1993 
650 |a vietnamese fiction - 1930 - 1945 
904 |i Nguyễn Quang Điền, 960927 
980 |a Trung tâm Học liệu Trường Đại học Cần Thơ